| 000 | 00386nam a2200133Ia 4500 | ||
|---|---|---|---|
| 008 | 220217s9999||||xx |||||||||||||| ||und|| | ||
| 020 | _a0-07-044520-6 | ||
| 082 | _a511.32 MOO | ||
| 100 | _aMood, Alexander, M Graybill, Franklin, A & Boes | ||
| 245 | 0 | _aI ntroduction to theory of stastics | |
| 260 |
_aTata mcgraw hill _bNew Delhi _c2001 |
||
| 300 | _b0 | ||
| 650 | _aMATHEMATICS | ||
| 999 |
_c167909 _d167909 |
||